Countries Journey has Visited - Statistics

General Stats
  • This quiz has been taken 14 times
  • The average score is 30 of 36
Answer Stats
Continent Country % Correct
South America Argentina
100%
Oceania Australia
100%
South America Brazil
100%
North America Canada
100%
South America Chile
100%
Asia China
100%
Europe Germany
100%
Asia Japan
100%
North America Mexico
100%
Europe Sweden
100%
Europe United Kingdom
100%
North America United States of America
100%
Europe Belgium
92%
Europe Finland
92%
Europe France
92%
Europe Italy
92%
Oceania New Zealand
92%
Europe Norway
92%
South America Peru
92%
Europe Spain
92%
Europe Austria
83%
Europe Denmark
83%
Europe Netherlands
83%
Asia South Korea
83%
North America Bahamas
75%
Europe Ireland
75%
North America Panama
75%
Europe Switzerland
75%
North America Guatemala
67%
Asia Singapore
67%
North America El Salvador
58%
Asia Malaysia
58%
Europe Portugal
58%
South America Venezuela
58%
Europe Luxembourg
50%
Asia Taiwan
50%
No matching quizzes found
Score Distribution
Percent of People with Each Score
Percentile by Number Answered
Your Score History
You have not taken this quiz